[Event "Sochi (Women)"]
[Site "Sochi"]
[Date "1987.10.12"]
[Round "11"]
[White "Stepovaia, Tatiana"]
[Black "Szmacinska, Grazyna"]
[Result "1/2-1/2"]
[WhiteElo "2200"]
[BlackElo "2250"]
[PlyCount "103"]
[EventDate "1987.10.02"]
[EventType "tourn"]
[EventRounds "15"]
[EventCountry "URS"]
[EventCategory "1"]
[SourceTitle "EXT 2002"]
[Source "ChessBase"]
[SourceDate "2001.11.25"]
[SourceVersion "1"]
[SourceVersionDate "2001.11.25"]
[SourceQuality "1"]

1. e4 e5 2. Nf3 Nc6 3. Bb5 a6 4. Bxc6 dxc6 5. Nc3 f6 6. d4 exd4 7. Nxd4 c5 8. Nde2 Qxd1+ 9. Nxd1 Be6 10. Bf4 Bd6 11. Ne3 Ne7 12. h4 Rd8 13. 0-0-0 Kf7 14. h5 Rd7 15. f3 Rhd8 16. a3 Nc6 17. Bxd6 Rxd6 18. Rxd6 Rxd6 19. Nf4 Nd4 20. Re1 b5 21. e5 fxe5 22. Nd3 c4 23. Nxe5+ Kf6 24. f4 g5 25. hxg6 hxg6 26. g4 Bc8 27. g5+ Kg7 28. N3g4 Bf5 29. Nf6 Rd8 30. Neg4 Ne6 31. Nh6 Bh3 32. Re3 Rd4 33. Rxh3 Rxf4 34. Re3 Nxg5 35. Nhg4 Rxf6 36. Nxf6 Kxf6 37. Re8 Ne6 38. Ra8 g5 39. Rxa6 g4 40. Kd2 Ke5 41. a4 c3+ 42. bxc3 bxa4 43. Rxa4 Nf4 44. Rc4 g3 45. Ke3 g2 46. Kf2 Nd5 47. Rc6 Ne3 48. Rxc7 Nxc2 49. Kxg2 Ke4 50. Kf2 Kd3 51. c4 Kd4 52. Kf3 1/2-1/2

[Event "Sochi (Women)"]
[Site "Sochi"]
[Date "1987.10.08"]
[Round "7"]
[White "Szmacinska, Grazyna"]
[Black "Galliamova, Alisa"]
[Result "0-1"]
[WhiteElo "2250"]
[BlackElo "2200"]
[PlyCount "80"]
[EventDate "1987.10.02"]
[EventType "tourn"]
[EventRounds "15"]
[EventCountry "URS"]
[EventCategory "1"]
[SourceTitle "EXT 2002"]
[Source "ChessBase"]
[SourceDate "2001.11.25"]
[SourceVersion "1"]
[SourceVersionDate "2001.11.25"]
[SourceQuality "1"]

1. d4 Nf6 2. c4 e6 3. Nc3 Bb4 4. e3 b6 5. Bd3 Bb7 6. f3 0-0 7. Nge2 d5 8. 0-0 c5 9. a3 Bxc3 10. bxc3 Nc6 11. Bb2 Na5 12. cxd5 Nxd5 13. Bc1 Rc8 14. e4 Nxc3 15. Nxc3 Qxd4+ 16. Rf2 Qxc3 17. Bb2 Qb3 18. Qb1 Rfd8 19. Bc2 Qe3 20. Bc1 Qe1+ 21. Rf1 Qc3 22. Bg5 f6 23. Bh4 Rd2 24. Ra2 Ba6 25. Rc1 Bc4 26. Rb2 Bd3 27. Be1 Qd4+ 28. Kh1 Rxc2 29. Rbxc2 Bxc2 30. Qxc2 Nc6 31. Rd1 Qe5 32. Qc4 Re8 33. Bg3 Qh5 34. Qa4 Rc8 35. Rd6 Qe8 36. h3 e5 37. Kh2 Kh8 38. Bh4 Na5 39. Qd1 Nb7 40. Rd5 Rd8 0-1